000 00312nam a2200133Ia 4500
008 190216s9999||||xx |||||||||||||| ||und||
100 _aSaxena. S.R
245 0 _aLabour Problems And Social Welfare
250 _a1st Ed.
260 _bPrakasan Kendra
_c1972
300 _a630
650 _aEconomics
942 _cBK
999 _c9269
_d9269